000 00685nam a2200253Ia 4500
003 OSt
005 20221005130850.0
006 a|||||r|||| 00| 0
007 ta
008 221004b |||||||| |||| 00| 0 eng d
024 _a26404
037 _cTextual
040 _aCRL
_cCRL
_beng
041 _2eng
_aeng
082 _aP150j32,312, H0
100 _aPillai P K Narayana
_9591430
245 0 _aSanskrit equivalents of some Malayalam proper nouns
260 _c1940
300 _a30p
_ccm.
490 _astudies in Kerala Sanskrit N0.; 2
650 _aLINGUISTICS
942 _hP150j32,312, H0
_cTEXL
_2cc
999 _c1058641
_d1058641